La obra de arte en la época de su reproductibilidad técnica.

Gorde:
Xehetasun bibliografikoak
Egile nagusia: Benjamín, Walter, 1892-1940 (autor)
Formatua: Liburua
Argitaratua: [Lugar de publicación no identificado]: [Editor no identificado], [2016].
Gaiak:
Etiketak: Etiketa erantsi
Etiketarik gabe, Izan zaitez lehena erregistro honi etiketa jartzen!

MARC

LEADER 00000nam a22000007a 4500
003 CL-VaPUC
005 20250407202435.0
008 220802q2016 ||||| |||| 00| 0 eng d
999 |c 447051  |d 447049 
020 |a 9781539499862 
040 |c Pontificia Universidad Católica de Valparaíso 
082 7 |a 701.17 BEN [2016]  |2 22 
100 |a Benjamín, Walter,  |9 269121  |d 1892-1940  |e autor 
245 |a La obra de arte en la época de su reproductibilidad técnica. 
260 |a [Lugar de publicación no identificado]:  |b [Editor no identificado],  |c [2016]. 
300 |a [38 páginas]. 
500 |a c.1-4: Instituto Arcos. 08-01-2025 
583 |c 20220802  |k Yessy Sthefany Diaz Vidal 
650 |a Arte y sociedad   |9 306277  |x Filosofía alemana 
650 |a Filosofía del arte   |9 264951  |y Siglo 20 
650 0 |a Arte y fotografía  |9 862935  |x Reproducción  |y Siglo 20 
942 |2 ddc  |c BK  |n 0 
952 |0 0  |1 0  |2 ddc  |4 0  |6 701_170000000000000_BEN_2016  |7 0  |8 A  |9 600478  |a BIBINC  |b BIBINC  |d 2025-03-03  |e Instituto Arcos  |i 5665155  |o 701.17 BEN [2016]  |p 5665155  |r 2025-03-03  |t 1  |w 2025-03-03  |y BK  |k IFP 
952 |0 0  |1 0  |2 ddc  |4 0  |6 701_170000000000000_BEN_2016  |7 0  |8 A  |9 600479  |a BIBINC  |b BIBINC  |d 2025-03-03  |e Instituto Arcos  |i 5665156  |o 701.17 BEN [2016]  |p 5665156  |r 2025-03-03  |t 2  |w 2025-03-03  |y BK  |k IFP 
952 |0 0  |1 0  |2 ddc  |4 0  |6 701_170000000000000_BEN_2016  |7 0  |8 A  |9 600480  |a BIBINC  |b BIBINC  |d 2025-03-03  |e Instituto Arcos  |i 5665157  |o 701.17 BEN [2016]  |p 5665157  |r 2025-03-03  |t 3  |w 2025-03-03  |y BK  |k IFP 
952 |0 0  |1 0  |2 ddc  |4 0  |6 701_170000000000000_BEN_2016  |7 0  |8 A  |9 600482  |a BIBINC  |b BIBINC  |d 2025-03-03  |e Instituto Arcos  |i 5665158  |o 701.17 BEN [2016]  |p 5665158  |r 2025-03-03  |t 4  |w 2025-03-03  |y BK  |k IFP